Quiz o statystykach zawodników na Euro 2024 - Statystyki

Ogólne statystyki
  • Ten quiz został rozwiązany 158 razy
  • Średni wynik to 4 z 10
Statystyki odpowiedzi
Zagadnienie Odpowiedź % Poprawnych
Który bramkarz zanotował najwięcej obronionych strzałów - 29? Giorgi Mamardashvili
84%
Który zawodnik zaliczył najwięcej asyst - 4? Lamine Yamal
75%
Który z wymienionych piłkarzy strzelił 3 bramki na Euro 2024? Cody Gakpo
55%
Który zawodnik posiadał najwięcej odzyskanych piłek -46? Declan Rice
45%
Który zawodnik zanotował najwięcej strzałów - 24? Kylian Mbappe
39%
Który zawodnik zaliczył najwięcej dryblingów - 34? Jeremy Doku
34%
Który bramkarz stracił najwięcej bramek - 8? Giorgi Mamardashvili
20%
Który zawodnik został złapany najwięcej razy na spalonym - 8 razy? Cristiano Ronaldo
14%
Który zawodnik zanotował najwięcej podań - 556? John Stones
14%
Który z wymienionych zawodników otrzymał 3 żółte kartki? Rodri
11%
Nie znaleziono quizów pasujących do podanych kryteriów
Rozkład punktacji
Procent ludzi z każdym wynikiem
Percentyl według liczby udzielonych odpowiedzi
Twoja historia wyników
Nie rozwiązałeś tego quizu